Lanean...
Co-operative banking operations
| Formatua: | Printed Book |
|---|---|
| Argitaratua: |
Chennai,
MacMillan publishers india limitied ;
2007.
|
| Gaiak: |
| LEADER | 00455cam a2200145ua 4500 | ||
|---|---|---|---|
| 999 | |c 45191 |d 45191 | ||
| 020 | |a 9780230632615 | ||
| 082 | |a 332.1 | ||
| 245 | |a Co-operative banking operations | ||
| 260 | |a Chennai, |b MacMillan publishers india limitied ; |c 2007. | ||
| 300 | |a 361p.; | ||
| 650 | |a Banking | ||
| 650 | |a Co-operative banking | ||
| 942 | |c BK | ||
| 952 | |0 0 |1 0 |4 0 |6 332_100000000000000_COO |7 0 |9 57153 |a KU |b KU |d 2015-07-05 |g 345.00 |l 0 |o 332.1 COO |p AE02609 |r 2015-07-05 |y BK | ||